000 01292 a2200229 4500
001 47936
005 20260407155745.0
008 260407a1970 arg spa d
003 AR-UNSa-BCEJYS
040 _aAR-UNSa-BCEJYS
_bspa
_cAR-UNSa-BCEJYS
080 _a336.74
_xMoneda. Sistema monetario
245 1 0 _aEnsayos de economía monetaria
250 _a2a. ed.
264 1 _aBuenos Aires :
_bAmorrortu Editores
_c1970
300 _a259 p.
_c23 cm.
505 _aPrimera Parte. Teoría Monetaria: 1. Teoría y políticas monetarias - 2. Evolución reciente de la teoría monetaria - 3. Una reseña de las teorías de la inflación - 4. El modelo en un neoclásico de crecimiento de un sector - 5. Notas sobre la teoría de la demanda de dinero para transacciones - Segunda Parte. Problemas monetarios y fiscales de los países en desarrollo: 6. Política fiscal y balanza de pagos en una economía en crecimiento - 7. ¿Es la inflación el precio inevitable del desarrollo acelerado, o se trata de un factor de retardo en el crecimiento económico? - 8. La reforma monetaria internacional y los países menos desarrollados -
942 _cBK
590 _aniveau_biblio:m niveau_hierar:0
100 1 _aCalabuig, Alicia
700 1 _aJohnson, Harry G.
700 1 _aMellibovsky, Graciela
999 _c4503
_d4503